[Event "GER-chT U14"]
[Site "Duesseldorf"]
[Date "2016.12.28"]
[Round "3.3"]
[White "Wiedenbruch, Paul"]
[Black "Liedtke, Sebastian"]
[Result "1/2-1/2"]
[WhiteElo "1310"]
[BlackElo "1454"]
[PlyCount "84"]
[EventDate "2016.12.27"]
[EventType "team-swiss"]
[EventRounds "7"]
[EventCountry "GER"]
[SourceTitle "EXT 2018"]
[Source "ChessBase"]
[SourceDate "2017.10.13"]
[SourceVersion "1"]
[SourceVersionDate "2017.10.13"]
[SourceQuality "1"]
[WhiteTeam "Duesseldorf SK U14"]
[BlackTeam "Leipzig SG U14"]
[WhiteTeamCountry "GER"]
[BlackTeamCountry "GER"]

1. e4 e6 2. d4 d5 3. exd5 exd5 4. Nf3 Bd6 5. c4 Nf6 6. Nc3 c6 7. Bg5 Be6 8. Bd3 Nbd7 9. b3 0-0 10. 0-0 Qc7 11. Re1 Rfe8 12. Rc1 Qa5 13. c5 Be7 14. Bd2 Qc7 15. b4 b6 16. Be3 b5 17. a4 a6 18. a5 Bg4 19. Be2 Bf8 20. h3 Bf5 21. Bd3 Ne4 22. Bxe4 Bxe4 23. Nxe4 Rxe4 24. Ng5 Re7 25. Qf3 Nf6 26. Bf4 Qd7 27. Be5 Ne8 28. Bg3 Nc7 29. Qf4 Ne6 30. Nxe6 Rxe6 31. Rxe6 Qxe6 32. Qe5 Qxe5 33. Bxe5 Re8 34. f3 g6 35. Kf2 Bg7 36. Bxg7 Kxg7 37. Rc3 g5 38. Re3 Rxe3 39. Kxe3 Kg6 40. f4 f6 41. fxg5 fxg5 42. g3 h6 1/2-1/2